Most Listened to Songs on Spotify in 2025 - Statistics

General Stats
  • This quiz has been taken 78 times
  • The average score is 10 of 23
Answer Stats
Number Artist Answer % Correct
1 The Weeknd Blinding Lights
80%
2 Ed Sheeran Shape of You
80%
5 Harry Styles As It Was
61%
14 Tones and I Dance Monkey
59%
20 Harry Styles Watermelon Sugar
56%
12 Glass Animals Heat Waves
53%
15 The Chainsmokers Closer
52%
21 Hozier Take Me To Church
50%
19 Vance Joy Riptide
48%
9 The Kid LAROI STAY
48%
10 Imagine Dragons Believer
47%
4 The Weeknd and Daft Punk Starboy
47%
7 The Neighborhood Sweater Weather
47%
11 Ed Sheeran Perfect
44%
6 Post Malone Sunflower
41%
8 Drake One Dance
36%
23 Tom Odell Another Love
34%
3 Lewis Capaldi Someone You Loved
34%
13 Billie Eilish lovely
30%
22 Shawn Mendez Señorita
25%
18 The Chainsmokers Something Just Like This
25%
17 Post Malone rockstar
23%
16 James Arthur Say You Won't Let Go
11%
No matching quizzes found
Score Distribution
Percent of People with Each Score
Percentile by Number Answered
Your Score History
You have not taken this quiz